LEADER 00423nab a2200145 i 4500 001 000000285853 003 CaOOAMICUS 005 20180831165321.0 008 180831n xx uu u0 0und r 013 $a39405 040 $aSeMil$bita 245 10$a[SENZA TITOLO]. - 16 p. 500 $aLuglio-Settembre 2005. 773 0 $t[2005-2009].$dRoma : [s.n.], 2009.$w()240589 996 $6245$a[SENZA TITOLO]. - 16 p.$9(OLS)http://semarc/title/354652 LEADER 00524naa a2200133 i 4500 001 000000320604 003 CaOOAMICUS 005 20180831173330.0 008 180831n xx u000 u fre u 013 $a30811 040 $aSeMil$bita 245 12$aL'homme :$bEsquisses d'une Theologie de l'homme; La justuce originelle. 773 0 $tDieu et sa création.$b4. éd.$dParis : Les Éditions du Cerf, 1957.$gp.348-405$w()172162 996 $6245$aL'homme :$bEsquisses d'une Theologie de l'homme; La justuce originelle$9(OLS)http://semarc/title/394213